City of Sydney strategic plan : the 1974-77 statement of objectives, policies and action priorities /

Saved in:
Bibliographic Details
Corporate Authors: Sydney (N.S.W.). Council, Urban Systems Corporation
Format: Book
Language:English
Published: Sydney : Urban Systems Corporation for the Council of the City of Sydney, 1974.
Subjects:
LEADER 01265nam a2200289 a 4500
001 c000136426
003 CARM
005 19880108000000.0
008 760423s1974 at ab 000 0 eng d
019 1 |a 192921  |z 21441352  |5 LACONCORD2021 
020 |a 0858170256 :  |c $7.50 Aust. 
035 |a (OCoLC)2202812  |5 LACONCORD2021 
040 |a ANB  |b eng  |c ANB  |d XNTU 
042 |a anuc 
043 |a u-at-ne 
082 0 4 |a 711.4/0994/4/1 
110 1 |a Sydney (N.S.W.).  |b Council. 
245 1 0 |a City of Sydney strategic plan :  |b the 1974-77 statement of objectives, policies and action priorities /  |c Council of the City of Sydney. 
260 |a Sydney :  |b Urban Systems Corporation for the Council of the City of Sydney,  |c 1974. 
300 |a 60 p. :  |b ill., diagrs., graphs, maps, tables ;  |c 30cm. 
500 |a City of Sydney. Town planning, 1974-1977. Proposals (ANB/PRECIS SIN 0016241) 
500 |a Adopted by resolution of Council December 2 1974. 
650 0 |a City planning  |z New South Wales. 
710 2 |a Urban Systems Corporation. 
852 8 |b CARM  |h A1:AR04A0  |i E02073  |p 0107743  |f BK 
999 f f |i fa437c6f-5893-5112-9b7f-1c78936ef438  |s 23962404-f01e-5bc3-b0a5-5f1bfb0d027f 
952 f f |p Can circulate  |a CAVAL  |b CAVAL  |c CAVAL  |d CARM 1 Store  |e E02073  |f A1:AR04A0  |h Other scheme  |i book  |m 0107743